<?xml version="1.0" encoding="UTF-8"?>
<record
    xmlns:xsi="http://www.w3.org/2001/XMLSchema-instance"
    xsi:schemaLocation="http://www.loc.gov/MARC21/slim http://www.loc.gov/standards/marcxml/schema/MARC21slim.xsd"
    xmlns="http://www.loc.gov/MARC21/slim">

  <leader>007050000a22001210004500</leader>
  <datafield tag="100" ind1="1" ind2=" ">
    <subfield code="a">R&#xFA;a Casta&#xF1;o, John Reymon</subfield>
  </datafield>
  <datafield tag="245" ind1="1" ind2="0">
    <subfield code="a">Poderosa es la ley pero m&#xE1;s poderosa es la necesidad:acercamiento a los derechos humanos.</subfield>
  </datafield>
  <datafield tag="300" ind1=" " ind2=" ">
    <subfield code="a">no.19 (ago., 2010), p. 51-55</subfield>
  </datafield>
  <datafield tag="520" ind1=" " ind2=" ">
    <subfield code="a">Desde la perspectiva econ&#xF3;mica y pol&#xED;tica, el surgimiento de los derechos de la tercera generaci&#xF3;n coincide, o tiene sus fundamentos en la crisis del estado social de derecho que se traduce en la incapacidad del estado para cumplir con sus cometidos te&#xF3;ricos, que no son otra cosa que hacer realidad los derechos de la segunda generaci&#xF3;n.</subfield>
  </datafield>
  <datafield tag="650" ind1="1" ind2="4">
    <subfield code="a">DERECHOS</subfield>
  </datafield>
  <datafield tag="773" ind1="0" ind2=" ">
    <subfield code="t">Revista Tecnol&#xF3;gico de Antioquia</subfield>
  </datafield>
  <datafield tag="942" ind1=" " ind2=" ">
    <subfield code="c">ANA</subfield>
  </datafield>
  <datafield tag="952" ind1=" " ind2=" ">
    <subfield code="0">0</subfield>
    <subfield code="1">0</subfield>
    <subfield code="4">0</subfield>
    <subfield code="7">0</subfield>
    <subfield code="8">HEM</subfield>
    <subfield code="a">FUSBC</subfield>
    <subfield code="b">FUSBC</subfield>
    <subfield code="d">2016-01-26</subfield>
    <subfield code="l">0</subfield>
    <subfield code="o"> </subfield>
    <subfield code="r">2016-01-26 00:00:00</subfield>
    <subfield code="w">2016-01-26</subfield>
    <subfield code="y">ANA</subfield>
  </datafield>
  <datafield tag="999" ind1=" " ind2=" ">
    <subfield code="c">63414</subfield>
    <subfield code="d">63414</subfield>
  </datafield>
</record>
